00285nam a2200121Ia 4500008004100000020001800041041000800059082001500067100001200082245002000094260003800114300001100152240808s9999 xx 000 0 und d a9789385360626 aeng a720.95/DOS aDoshi B aPaths Uncharted bMapin Publishingc2019aAhmedabad a 439p